Les 20 meilleurs buteurs de l'histoire de la Serie A - Statistiques

Statistiques générales
  • Ce quiz a été pris 126 fois
  • Le résultat moyen est 6 sur 20
Statistiques - réponses
Classement Club où le joueur à
le plus marqué
Période d'activité Nationalité Buts Joueur % Correct
2 AS Rome 1993 - 2017 Italien 250 Francesco Totti
96%
8 SS Lazio 2012 - ... Italien 191 Ciro Immobile
90%
11 Juventus Turin 1993 - 2012 Italien 188 Alessandro Del Piero
80%
6 Udinese Calcio 2002 - 2016 Italien 209 Antonio Di Natale
66%
13 ACF Fiorentina 1991 - 2003 Argentin 184 Gabriel Batistuta
54%
14 UC Sampdoria 2000 - ... Italien 181 Fabio Quagliarella
52%
7 Juventus Turin 1985 - 2004 Italien 205 Roberto Baggio
44%
20 ACF Fiorentina 2000 - 2016 Italien 157 Luca Toni
37%
4 Inter Milan 1929 - 1947 Italien 216 Guiseppe Meazza
34%
3 AC Milan 1948 - 1958 Suèdois 225 Gunnar Nordahl
12%
12 ACF Fiorentina 1999 - 2017 Italien 188 Alberto Gilardino
11%
1 SS Lazio 1929 - 1954 Italien 274 Silvio Piola
8%
10 SS Lazio 1991 - 2004 Italien 188 Guiseppe Signori
5%
5 AC Milan 1958 - 1976 Italien 216 José Altafini
3%
9 ACF Fiorentina 1956 - 1971 Suèdois 190 Kurt Hamrin
3%
15 Juventus Turin 1946 - 1961 Italien 178 Giampiero Boniperti
2%
16 AS Rome 1936 - 1956 Italien 174 Amedeo Amadei
1%
18 Juventus Turin 1934 - 1949 Italien 167 Guglielmo Gabetto
1%
17 Bologne FC 1965 - 1980 Italien 168 Guiseppe Savoldi
1%
19 Inter Milan 1965 - 1975 Italien 163 Roberto Boninsegna
1%
Aucun quiz correspondant
Distribution des résultats
% des personnes avec chaque résultat
Percentile par nombre de réponses
Votre historique - résultats
Vous n’avez pas pris ce quiz